Score 0/30 Timer 04:00
1 Play Today
% Correct
BREAK
87.5%
BREAD
87.1%
METER
85.3%
BEAST
84.1%
BLEAK
80.4%
SEWER
80.2%
MOSES
75.4%
MEWER
73.7%
BLAST
73.6%
MATER
73.4%
FLOOR
73.1%
FLOUR
72.8%
YEAST
70.4%
FLEUR
68.6%
BLEAT
67.8%
% Correct
FLOOD
65.6%
BLEST
63.6%
BLOOD
63.5%
MATEO
58.6%
SEDER
56.9%
MORON
55.9%
FLIER
55.9%
BORON
53.4%
FLEER
50.5%
FLIES
50.2%
BARON
44.6%
AARON
41.3%
MORES
39.5%
MATZO
39.2%
MOROS
34.8%

Today's Daily Dose

You're not logged in!

Compare scores with friends on all Sporcle quizzes.
OR
Log In

Sporcle TV

Today on Sporcle TV


Watch our educational content, quiz creation guides, and fun videos on Sporcle TV.

Show Comments

Extras

Top Quizzes Today


Score Distribution

Paid Content

Your Account Isn't Verified!

In order to create a playlist on Sporcle, you need to verify the email address you used during registration. Go to your Sporcle Settings to finish the process.

Report this User

Report this user for behavior that violates our Community Guidelines.

Details: